| 000 | 01266nam a22002897a 4500 | ||
|---|---|---|---|
| 003 | DO-SdBPM | ||
| 005 | 20241122104158.0 | ||
| 007 | ta | ||
| 008 | 100322s2020 dr 000 0 spa d | ||
| 020 | _a9789945916553 | ||
| 040 |
_aDO-SdBNP _bspa _cBPMSU |
||
| 082 | 4 |
_a324.6097293 _bA347e 2020 _222 |
|
| 100 | 1 | _aAlcántara Sáez, Manuel | |
| 245 | 1 | 0 |
_aElecciones en el marco de democracias fatigas / _cManuel Alcántara Sáez |
| 260 |
_aSanto Domingo : _bJCE, _c2020. |
||
| 300 |
_a49 p. ; _c21 cm. |
||
| 500 | _aPonencia en el marco de la conmemoración del XII aniversario de la Escuela de Formación Electoral y del Estado Civil | ||
| 504 | _aBibliografía : p. 48-49 | ||
| 505 |
_aIntroducción _tLas elecciones como hecho rutinario no impiden la fatiga -- _tEl desgaste institucional: las relaciones Ejecutivo-Legislativo -- _tLos cambios en los sistemas de partidos son un síntoma de la fatiga -- _tUn nuevo ciclo político -- _tBibliografía citada -- |
||
| 590 | _aInventariado, 2021/ YL | ||
| 650 | 4 |
_aElecciones _zRepública Dominicana |
|
| 650 | 4 | _aDemocracia | |
| 651 | 4 |
_aRepública Dominicana _xPolítica y gobierno |
|
| 710 | 2 | _aJunta Central Electoral (República Dominicana) | |
| 910 | _aValidado. Control de calidad BPMSU | ||
| 942 |
_2ddc _cBK |
||
| 999 |
_c14870 _d14870 |
||